01421nam a2200301Ia 4500001001100000003000800011006001900019007001500038008004100053010001700094020001500111040002100126035002000147050003100167100005700198245009300255260004800348300002000396500022300416533015200639600005700791650004000848655002900888700004100917710001700958856012500975999001901100ebr2001570CaPaEBRm u cr cn|||||||||891107r19991891mauc s 000 0 eng d z 16000649  z158218187X aCaPaEBRcCaPaEBR a(OCoLC)7076746214aE467.1.S55bS52 1999 v.1eb1 aSherman, William T.q(William Tecumseh),d1820-1891.10aMemoirs of Gen. W. T. Sherman.n(Volume 1)h[electronic resource] /cWilliam T. Sherman. aScituate, Mass. :bDigital Scanning,c1999. a462 p. :bport. aOriginally published: Memoirs of Gen. W. T. Sherman, written by himself, with an appendix bringing his life down to its closing scenes, also a personal tribute and critique of the memoirs. New York: C.L. Webster, 1891. aElectronic reproduction.bPalo Alto, Calif. :cebrary,d2013.nAvailable via World Wide Web.nAccess may be limited to ebrary affiliated libraries.10aSherman, William T.q(William Tecumseh),d1820-1891. 0aGeneralszUnited StatesvBiography. 7aElectronic books.2local1 aBlaine, James Gillespie,d1830-1893.2 aebrary, Inc.40uhttp://site.ebrary.com/lib/rucke/Doc?id=2001570zAn electronic book accessible through the World Wide Web; click to view c230147d230147